00274pam a2200121 a 4500020000500000041000500005082001300010100001400023245005200037250001100089260004400100300000800144 c h a658bRED aReddy, Sk aHow To Start An Ngo In IndiahTextual Documents a1st ed aAhmednagarbNavnarendra Prakashanc2012 a280